000 01389nam a22003017a 4500
003 OSt
005 20250702105433.0
008 210303s2009 sp a|||er|||| 00| f spa d
020 _a9788437606408
040 _aCO-JMCR
_cCO-JMCR
041 1 _aspa
_hgrc
082 0 4 _aA-P
_bHOMo3
_223
100 0 _aHomero,
_eautor
_9544
245 1 0 _aOdisea /
_cHomero ; edición y traducción de José Luis Calvo
250 _aDecimoctava edición
260 _aMadrid :
_bCatedra,
_c2009.
300 _a400 páginas ;
_c18 cm.
490 0 _aLetras universales
500 _aTítulo original: Ὀδύσσεια Incluye notas a pie de página.
520 3 _aQue el autor de la Odisea se llamara realmente Homero es algo que parece carecer, cada vez más, de importancia. Lo verdaderamente importante es que bajo este nombre, supuesto o no, se encuentra un genial poeta que supo dar una uniformidad de lengua y estilo a una serie de elementos heredados del folklore mediterráneo, anatolio de la saga griega y del mundo mágico, consiguiendo construir esta monumental epopeya dramática.
546 _aTraducido del griego,
650 1 4 _aLiteratura épica griega
_9546
650 2 4 _aPoesía épica griega
_9545
650 2 4 _aMitología griega en la literatura
_9548
650 2 4 _aHéroes en la literatura
_9547
700 1 _aCalvo, José Luis,
_eeditor y traductor
_914312
942 _2ddc
_cBK
999 _c7428
_d7428